- Saravi, Gonzalo Andrés
Entry Nombre Personal
001 - NUMERO DE CONTROL
- campo de control: 40576
003 - IDENTIFICADOR DE NUMERO DE CONTROL
- campo de control: UPN
005 - FECHA Y HORA DE LA ÜLTIMA TRANSACCIÓN
- campo de control: 20230313095548.0
008 - DATOS DE LONGITUD FIJA
- campo de control de longitud fija: nabaccnnaabn|||||||||| b |nc|||||d
024 7# - OTROS IDENTIFICADORES NORMALIZADOS
- Fuente: orcid
- Número normalizado o código: https://orcid.org/0000-0002-2753-9802
035 ## - NUMERO DE CONTROL
- Número de control: UPN11000012683
040 ## - FUENTE DE CATALOGACIÓN
- Lenguaje de catalogación: SPA
- Agencia de transcripción: UPN
- Agencia original de catalogación: MX-MxUPN
100 1# - ENCABEZAMIENTO - NOMBRE PERSONAL
- Nombre personal: Saravi, Gonzalo Andrés
370 ## - LUGAR ASOCIADO
- Associated country: México
371 ## - DIRECCIÓN
- Electronic mail address: gsaravi@ciesas.edu.mx
372 ## - CAMPO DE ACTIVIDAD
- Field of activity: Juventudes, antropología urbana, sociología de la educación, desigualdad y exclusión social
373 ## - GRUPO ASOCIADO
- Associated group: Centro de Investigaciones y Estudios Superiores en Antropología Social (CIESAS).
374 ## - OCUPACIÓN
- Occupation: Sociólogo
- Occupation: Profesor - Investigador universitario
400 ## - VEÁSE - NOMBRE DE PERSONA
- Personal name: Saraví, Gonzalo A.
670 ## - FUENTE EN LA QUE SE LOCALIZARON DATOS
- Cita de la fuente: T
- Uniform Resource Identifier: http://www.ciesas.edu.mx/saravi-gonzalo-andres/
670 ## - FUENTE EN LA QUE SE LOCALIZARON DATOS
- Cita de la fuente: En recurso en línea: Perfiles educativos. Vol. 44, no. 177 (2022).
- Uniform Resource Identifier: https://perfileseducativos.unam.mx/iisue_pe/index.php/perfiles/article/view/60510
- Información localizada: (Gonzalo A. Saraví)
680 ## - NOTA PUBLICA DE ACCESO PÚBLICO
- Frase explicativa de la referencia: Miembro del Sistema Nacional de Investigadores, Nivel II
902 ## - CATALOGADOR
- Catalogador: MCM/110917
902 ## - CATALOGADOR
- Catalogador: BLSM/130323/M
